Statistics for 50 Busiest Air Routes from New York City

Click here to take the quiz!

General Stats

  • This quiz has been taken 45,982 times
    (45,981 since last reset)
  • The average score is 38 of 50

Answers on the Map

Answers color-coded by a green-red scale on the quiz's map according to % correct below.
 

Answer Stats

Passengers Destination% Correct
4,111,172 London
98%
1,951,688 Paris
98%
4,778,052 Los Angeles
97%
768,044 Tokyo
97%
790,771 Madrid
96%
690,206 Rome
96%
760,164 Dublin
95%
800,927 Mexico City
95%
9,054,510Miami Area
95%
5,886,631 Chicago
94%
3,928,888 San Francisco
94%
1,184,691 Seattle
92%
864,826 Amsterdam
91%
2,555,530 Dallas
89%
2,244,765 Houston
89%
3,157,210 Boston
88%
797,958 Dubai
88%
1,713,551 Las Vegas
88%
792,768 Milan
85%
2,438,571 Toronto
85%
1,899,359 Washington D.C.
85%
3,908,151 Atlanta
83%
906,037 Hong Kong
83%
2,005,219 Denver
82%
795,931 San Diego
82%
1,072,169 Frankfurt
81%
3,888,752 Orlando
81%
1,634,024 Detroit
80%
1,384,983 Phoenix
80%
691,150 Austin
78%
818,488 New Orleans
78%
774,340 São Paulo
78%
1,122,171Tel Aviv
76%
666,070 Zurich
74%
1,695,497 Tampa
72%
1,427,503 Minneapolis
70%
790,689 Montréal
70%
898,780 Cancun
63%
657,475 Jacksonville
63%
3,047,655 Charlotte
61%
864,855 Nashville
61%
665,393 Cleveland
59%
758,765 St. Louis
56%
934,849 Buffalo
54%
994,239 Santo Domingo
53%
698,534 Pittsburgh
52%
1,183,613 Raleigh/Durham
50%
1,628,024 San Juan
46%
996,372 Fort Myers
21%
1,000,982 Santiago
15%

Score Distribution

Percentile by Number Answered

Percent of People with Each Score

Your Score History

You have not taken this quiz since the last reset